=LDR 00000nam 2200000 4500 =001 INLIS000000000049584 =005 20170302092006.0 =006 =007 =008 =020 ##$$a 978-602-7686-04-7 =035 ##$$0010-031700000000029 =040 ##$$a NBPDMAT =082 ##$$a 499.227 3 =090 ##$$a 499 227 3 Jal k =100 ##$$a Jalaludin Arzaki =245 ##$$a Kamus Bahasa sasak / $c Drs. H .Jalaludin Arzaki ; editor Sahlan , S.pd =260 ##$$a Selong : $b KSU Primaguna, $c 2014 =300 ##$$a 101 hlm . ; $c 21 cm =650 ##$$a Bahasa sasak - Kamus =700 ##$$a sahlan =990 ##$$a 08/46/2020 =990 ##$$a 21603397 =990 ##$$a 21603398 =990 ##$$a 21603399 =990 ##$$a 216033976 =990 ##$$a 08/46/2020 =990 ##$$a 21603397 =990 ##$$a 21603398 =990 ##$$a 21603399 =990 ##$$a 08/46/2020 =990 ##$$a 08/46/2020 =990 ##$$a 21603397 =990 ##$$a 21603398 =990 ##$$a 08/46/2020 =990 ##$$a 08/46/2020 =990 ##$$a 08/46/2020 =990 ##$$a 21603397 =990 ##$$a 08/46/2020 =990 ##$$a 08/46/2020 =990 ##$$a 08/46/2020